000 00448nab a2200145Ia 4500
003 ES-SlBCS
005 20210601124313.0
008 140529s1983 xxu||||| |||| 00| 0 eng d
041 _aeng
100 1 _aPalermo, James
_9139444
245 0 0 _aKnowledge and Values in Social and Educational Research
_c James Palermo
650 0 4 _aConocimiento
_9113574
773 0 _tEducational Theory
_gvol. 33, nº. 3-4, 1983, págs. 223-232
_wRev1399
942 _cAR
999 _c512600
_d512600